Conversation analysis and the study of social institutions : methodological, socio-cultural and epistemic considerations (Record no. 171018)

MARC details
000 -CABECERA
campo de control de longitud fija 02231nab a2200301 a 4500
005 - FECHA Y HORA DE LA ÚLTIMA TRANSACCIÓN
campo de control 20210219162150.0
008 - ELEMENTOS DE LONGITUD FIJA--INFORMACIÓN GENERAL
campo de control de longitud fija 991125s1985 mx 000 0 spa u
035 ## - NÚMERO DE CONTROL DEL SISTEMA
Número de control de sistema UPN01000198917
049 ## - COLECCIÓN
Colección ART-E
100 1# - ASIENTO PRINCIPAL--NOMBRE PERSONAL
Nombre de persona Roca Cuberes, Carles
100 1# - ASIENTO PRINCIPAL--NOMBRE PERSONAL
Filiación carles.roca@upf.edu
222 ## - TÍTULO CLAVE
Título clave ATHENEA DIGITAL: REVISTA DE PENSAMIENTO E INVESTIGACION SOCIAL
245 ## - MENCIÓN DE TÍTULO
Título Conversation analysis and the study of social institutions : methodological, socio-cultural and epistemic considerations
260 ## - PUBLICACIÓN, DISTRIBUCIÓN, ETC.
Lugar de publicación, distribución, etc. España
300 ## - DESCRIPCIÓN FÍSICA
Extensión 303-331
362 0# - FECHAS DE PUBLICACIÓN Y/O DESIGNACIÓN SECUENCIAL
Fecha de publicación y/o designación secuencial 2014 Vol. 14, no. 1
336 ## - TIPO DE CONTENIDO
Término de tipo de contenido texto$2rdacontent
337 ## - TIPO DE MEDIO
Nombre/término del tipo de medio computadora$2rdamedia
338 ## - TIPO DE SOPORTE
Nombre/término del tipo de soporte recurso en linea$2rdacarrier
520 3# - NOTA DE RESUMEN, ETC.
Sumario, etc. El objetivo de este estudio es mostrar cómo la disciplina sociológica del análisis de la conversación aborda el estudio de las instituciones sociales. Las instituciones sociales se conciben como la cristalización de las prácticas comunicativas y de interacción de los miembros de la sociedad. Se examinan dos dominios institucionales —las entrevistas psiquiátricas y las entrevistas en las noticias— y una práctica interaccional específica: las ‘formulaciones’. Los resultados muestran que (1) en las entrevistas psiquiátricas las formulaciones ayudan al psiquiatra a transformar las declaraciones de los pacientes para poder así establecer un problema de orden psiquiátrico. (2) En la entrevista televisada, las formulaciones ayudan al entrevistador a clarificar o transformar las declaraciones del entrevistado, o desafiar sus afirmaciones. La comparación de las formulaciones en dos entornos institucionales diferentes sirve para (1) demostrar cómo se adapta la conducta comunicativa en contextos específicos de maneras que invocan y configuran distintas instituciones sociales, y (2) observar el conocimiento, prácticas, lógica, etc., movilizados por los miembros de las comunidades epistémicas de la psiquiatría y el periodismo.
546 ## - NOTA DE IDIOMA
Nota de lengua/lenguaje Texto en inglés
653 0# - TERMINO DE INDIZACION - NO CONTROLADO
Término no controlado CONVERSACION
653 0# - TERMINO DE INDIZACION - NO CONTROLADO
Término no controlado ANALISIS DE LA ENTREVISTA
653 0# - TERMINO DE INDIZACION - NO CONTROLADO
Término no controlado INSTITUCIONES SOCIALES
856 4# - LOCALIZACIÓN Y ACCESO ELECTRÓNICOS
Identificador Uniforme del Recurso <a href="http://atheneadigital.net/article/view/v14-n1-roca/pdf">http://atheneadigital.net/article/view/v14-n1-roca/pdf</a>
905 ## - TIPO DE MATERIAL
Tipo de material Articulo

No items available.